Información social (Record no. 153729)
[ view plain ]
| 000 -LEADER | |
|---|---|
| fixed length control field | nam a22 7a 4500 |
| 005 - DATE AND TIME OF LATEST TRANSACTION | |
| control field | 20200120123712.0 |
| 008 - FIXED-LENGTH DATA ELEMENTS--GENERAL INFORMATION | |
| fixed length control field | 200120b ag ||||| |||| 00| 0 spa d |
| 020 ## - INTERNATIONAL STANDARD BOOK NUMBER | |
| International Standard Book Number | 9501417891 |
| 050 04 - LIBRARY OF CONGRESS CALL NUMBER | |
| Classification number | K3255 |
| Item number | Z34 2000 |
| 100 1# - MAIN ENTRY--PERSONAL NAME | |
| Personal name | Zaffore, Jorge J. |
| 245 10 - TITLE STATEMENT | |
| Title | Información social |
| Remainder of title | : Derecho y regulación, El derecho de los contenidos y la convergencia tecnologíca, El derecho a la veracidad, ética y derecho a la información social, reforma constitucional e infomación, responsabilidad objetiva y auto censura, protección a la identidad cultural, una propuesta de regulación |
| Statement of responsibility, etc | / Jorge J. Zaffore |
| 250 ## - EDITION STATEMENT | |
| Edition statement | 1a ed. |
| 260 ## - PUBLICATION, DISTRIBUTION, ETC. (IMPRINT) | |
| Place of publication, distribution, etc | Buenos Aires, Argentina : |
| Name of publisher, distributor, etc | Depalma, |
| Date of publication, distribution, etc | 2000 |
| 300 ## - PHYSICAL DESCRIPTION | |
| Extent | xix, 423 p. ; |
| Dimensions | 23 cm. |
| 490 0# - SERIES STATEMENT | |
| Series statement | Abriendo surcos, Depalma |
| 500 ## - GENERAL NOTE | |
| General note | Incluye índice |
| 650 #7 - SUBJECT ADDED ENTRY--TOPICAL TERM | |
| Source of heading or term | lemb |
| Topical term or geographic name as entry element | Derecho a la información |
| Geographic subdivision | Argentina |
| 650 #4 - SUBJECT ADDED ENTRY--TOPICAL TERM | |
| Source of heading or term | lemb |
| Topical term or geographic name as entry element | Disponibilidad de Información |
| 942 ## - ADDED ENTRY ELEMENTS (KOHA) | |
| Source of classification or shelving scheme | Biblioteca del Cogreso de los Estados Unidos |
| Koha item type | Libro |
| Estado de pérdida | Fuente de clasificación | Estado del daño | No para préstamo | Ubicación permanente | Ubicación actual | Apartado o colección | Fecha de adquisición | Edición | Área del conocimiento | Clasificación | Código de Barras | Date last seen | Número de copia | Costo por reposición | Tipo de recurso |
|---|---|---|---|---|---|---|---|---|---|---|---|---|---|---|---|
| Biblioteca del Cogreso de los Estados Unidos | Biblioteca del Posgrado en Derecho | Biblioteca del Posgrado en Derecho | General | 20/01/2020 | 1a ed. | Ciencias Sociales y Administrativas | K3255 Z34 2000 | BPD000001262 | 20/01/2020 | C:1 | 1.00 | Libro |